Mine Production of Silver by Country - Statistics

General Stats
  • This quiz has been taken 25 times
  • The average score is 17 of 20
Answer Stats
in tons region country % Correct
405 Northern America Canada
100%
1.501 Southern America Chile
100%
3.496 Eastern Asia China
100%
5.409 Northern America Mexico
100%
1.449 Asia & Europe Russia
100%
1.100 Nortehrn America USA
100%
933 Southern America Argentina
95%
4.375 Southern America Peru
95%
1.418 Oceania Australia
90%
1.353 Southern America Bolivia
90%
1.176 Central Asia Kazakhstan
90%
499 Northern Europe Sweden
90%
838 Central America Guatemala
85%
461 Southern Asia India
85%
117 South East Asia Indonesia
85%
174 Asia & Europe Turkey
85%
1.482 Central Eastern Europe Poland
75%
122 Caribbean Dominican Republic
65%
90 Oceania Papua New Guinea
65%
237 Northern Afrika Marocco
15%
No matching quizzes found
Score Distribution
Percent of People with Each Score
Percentile by Number Answered
Your Score History
You have not taken this quiz